000 00487nam a22001937a 4500
003 MPLRDC
005 20220104143409.0
008 210129b ||||| |||| 00| 0 eng d
020 _a983-137-033-3
082 _a857.7 YQXS-2 v.3010
100 _a沈苇
245 _a用心网住你
_c
250 _a初版
260 _a
_b台北万盛出版有限公司
_c1998
300 _b
490 _a言情小说. BNAC Z3010
650 _a长篇小说
942 _cBK
_o857.7 YQXS-2 v.3010
999 _c39493
_d39483